| 000 | 01265cam a22003134a 4500 | ||
|---|---|---|---|
| 090 | _c0 | ||
| 001 | 14400661 | ||
| 005 | 20060818082634.0 | ||
| 008 | 060605r20052004enka b 001 0 eng c | ||
| 010 | _a2006277064 | ||
| 020 | _a1405129115 | ||
| 035 | _a(OCoLC)ocm58969358 | ||
| 040 |
_aCOO _cCOO _dMUQ _dBAKER _dOCLCQ _dNLGGC _dDLC |
||
| 042 | _apcc | ||
| 050 | 0 | 0 |
_aHD87 _b.I85 2005 |
| 082 | 0 | 0 |
_a339.5 _222 _bISS |
| 084 |
_a83.12 _2bcl |
||
| 245 | 0 | 0 |
_aIssues in Monetary, Financial and Macroeconomic Adjustment Policies / _cedited by Stuart Sayer. |
| 260 |
_aOxford, U.K. ; _bMalden, Mass.. : _bBlackwell Pub., _cc2005. |
||
| 300 |
_a276 p. : _bill. ; _c25 cm. |
||
| 500 | _aReprint. Previously published as a special issue of Journal of economic surveys, 2004. | ||
| 504 | _aIncludes bibliographical references and index. | ||
| 650 | 0 | _aEconomic policy. | |
| 700 | 1 | _aSayer, Stuart. | |
| 856 | 4 | 1 |
_3Table of contents only _uhttp://www.loc.gov/catdir/toc/fy0609/2006277064.html |
| 942 |
_2ddc _cBB |
||
| 999 |
_c10581 _d10581 |
||